| Registos Bibliográficos associados ao registo de autoridade |
|
Etiqueta de registo: 00254nam 2200025 450 001 2283763 003 http://id.bnportugal.gov.pt/bib/catbnp/2283763 010 ## $a978-989-98907-5-6 100 ## $a20260407d2026 k y0pory01030103ba 101 0# $aeng 102 ## $aPT 105 ## $aa z 000yy 106 ## $ar 200 1# $a1st International Gastronomy Symposium of Alto Minho$fÁlvaro Campelo... [et al.]$gcoord. Paulo Sousa 210 #9 $a[S.l.$cs.n.,$dD.L. 2026] 215 ## $a49, [2] p.$cil.$d30 cm 532 11 $aFirst International Gastronomy Symposium of Alto Minho 675 ## $a641.5(042)$vBN$zpor$31624024 701 #1 $92$aCampelo,$bÁlvaro$4070$31333889 702 #1 $aSousa,$bPaulo Barreiro de$4340$31977465 710 12 $aInternational Gastronomy Symposium of Alto Minho,$d1,$ePonte de Lima,$f2023$31994830 801 #0 $aPT$bBN$gRPC 856 41 $uhttp://rnod.bnportugal.gov.pt/ImagesBN/winlibimg.aspx?skey=&doc=2283763&img=222434&save=true 900 ## $aBIBNAC$d20260526 966 ## $lBN$mFGMON$sS.A. 193897 V.$x1 966 ## $lBN$mFGMON$sS.A. 193897 V.-D$x1 971 ## $cssilva$d20260407 972 ## $e0$z0$d20260526$vasantos 973 ## $cigoulao$d20260518
|
|
|